000 00324 a2200157 4500
001 150894
040 _cEscola São Tomás de Aquino
100 _aLUDEMIR, Julio
240 1 0 _aMais um pai
_lpor
245 1 0 _aMais um pai
300 _a71
362 0 _a2005
440 1 _aScipione
697 _aPsicologia
942 _cBK
999 _c150894
_d150894